Представление документа в формате RUSMARC

ПолеНазваниеЗначение
  Тип записи a
  Библиографический уровень m
001 Контрольный номер RU/SLIB/B/208753517
005 Дата корректировки 20201206204142.3
010 Индекс ISBN __
d Цена 5-10
101 Язык документа __
a Язык текста rus
200 Заглавие и сведения об ответственности __
a Заглавие Русская мемориальная скульптура: К истории художественного надгробия в России XI - начала ХХ в.
f Первые сведения об ответственности Ермонская В. В., Нетунахина Г. Д., Попова Т. Ф.
b Общее обозначение материала Текст
210 Выходные данные __
a Место издания М.
c Издательство Искусство
d Дата издания 1978
215 Физическое описание __
a Объем 312 с.
c Иллюстрации/тип воспроизводства ил.
606 Тематические рубрики __
a Основная рубрика Изобразительное искусство и архитектура
z Хронологическая подрубрика 11-20 вв.
606 Тематические рубрики __
a Основная рубрика Виды скульптуры
610 Ключевые слова __
a Ключевые слова надгробия; мемориальная скульптура; скульптуры; персоналии; русская скульптура
686 Индексы других классификаций __
a Классификационный индекс 85.136.1(2)
700 Автор __
a Фамилия Ермонская
b Имя В. В.
4 Код отношения 070
702 Вторичная интеллектуальная ответственность __
a Фамилия Нетунахина
b Имя Г. Д.
4 Код отношения Автор
702 Вторичная интеллектуальная ответственность __
a Фамилия Попова
b Имя Т. Ф.
4 Код отношения Автор
801 Источник записи _0
a Страна RU
b Организация Муниципальное бюджетное учреждение культуры "Централизованная библиотечная система" г. Сургут (Центральная городская библиотека им. А. С. Пушкина)
g Правила каталогизации КиК/Михайлова
801 Источник записи _1
a Страна RU
b Организация Муниципальное бюджетное учреждение культуры "Централизованная библиотечная система" г. Сургут (Центральная городская библиотека им. А. С. Пушкина)
g Правила каталогизации КиК/Михайлова
852 Данные о местонахождении __
j Шифр хранения 85.136.1(2)
c Каталожный индекс 85.133(2)1
i Авторский знак Е 74
p Инвентарный номер 134210(с)
901 Тип документа __
t Тип документа m
990 Данные о заказе (DOS) __
j Количество экземпляров (DOS) 1